[Event "Santo Domingo op U2100 2nd"]
[Site "Santo Domingo"]
[Date "2015.06.21"]
[Round "4"]
[White "Reyes Capellan, Elby"]
[Black "Paulino Garcia, Wilfredo Antonio"]
[Result "1/2-1/2"]
[WhiteElo "2018"]
[BlackElo "1972"]
[PlyCount "111"]
[EventDate "2015.06.19"]
[EventType "swiss"]
[EventRounds "8"]
[EventCountry "DOM"]
[SourceTitle "CBM 167 Extra"]
[Source "ChessBase"]
[SourceDate "2015.09.14"]
[SourceVersion "1"]
[SourceVersionDate "2015.09.14"]
[SourceQuality "1"]

1. d4 Nf6 2. Nf3 g6 3. c4 c5 4. Nc3 cxd4 5. Nxd4 Bg7 6. e4 d6 7. Be2 Nc6 8. Be3 0-0 9. 0-0 Bd7 10. f3 Qb6 11. Qd2 Nxe4 12. fxe4 Bxd4 13. Nd5 Bxe3+ 14. Nxe3 Qd4 15. Qxd4 Nxd4 16. Bd3 Bc6 17. b4 b5 18. cxb5 Bxb5 19. Bxb5 Nxb5 20. Rac1 Rac8 21. Nd5 Kg7 22. Nxe7 Rxc1 23. Rxc1 Re8 24. Nc8 Rxe4 25. a4 Nd4 26. Rc7 Rf4 27. g3 Ne2+ 28. Kg2 Rxb4 29. Rxa7 d5 30. a5 d4 31. Rd7 Ra4 32. Kf1 Nc3 33. a6 Rxa6 34. Rxd4 Ra2 35. Rd3 Ne4 36. Kg1 Nf2 37. Rb3 Ng4 38. h3 Nf2 39. Kg2 Ne4+ 40. Kg1 f5 41. Nb6 g5 42. Nd5 Kg6 43. Rf3 Ra5 44. Nb4 Kh5 45. Nc6 g4 46. Nxa5 gxf3 47. Nc4 Nxg3 48. Kf2 Kh4 49. Kxf3 Kxh3 50. Ne3 h5 51. Ng2 h4 52. Ne3 Kh2 53. Ng2 h3 54. Nh4 Nf1 55. Kf2 Ng3 56. Nf3+ 1/2-1/2

[Event "Santo Domingo op U2100 2nd"]
[Site "Santo Domingo"]
[Date "2015.06.20"]
[Round "2"]
[White "Paulino Garcia, Wilfredo Antonio"]
[Black "Duran Lantigua, Enrrique Alfredo"]
[Result "1-0"]
[WhiteElo "1972"]
[BlackElo "1843"]
[PlyCount "93"]
[EventDate "2015.06.19"]
[EventType "swiss"]
[EventRounds "8"]
[EventCountry "DOM"]
[SourceTitle "CBM 167 Extra"]
[Source "ChessBase"]
[SourceDate "2015.09.14"]
[SourceVersion "1"]
[SourceVersionDate "2015.09.14"]
[SourceQuality "1"]

1. e4 c5 2. Nf3 d6 3. d4 cxd4 4. Nxd4 Nf6 5. Nc3 Nc6 6. Bc4 e5 7. Nxc6 bxc6 8. Bg5 Be7 9. 0-0 Rb8 10. Bb3 0-0 11. Re1 Be6 12. Be3 d5 13. exd5 cxd5 14. Bg5 Ng4 15. Bxe7 Qxe7 16. h3 d4 17. Ne2 Nf6 18. f4 Qc5 19. Kh1 Ne4 20. Kh2 Rfd8 21. Qd3 Nf6 22. fxe5 Qxe5+ 23. Ng3 Qd6 24. Kh1 Nd5 25. Ne4 Qf4 26. Qxd4 Bxh3 27. Bxd5 Bxg2+ 28. Kxg2 Rd6 29. Nf6+ Rxf6 30. Qxf4 Rxf4 31. Rf1 Rg4+ 32. Kh3 Rd4 33. Bb3 g5 34. Rf5 h6 35. Raf1 Rd7 36. c3 Kg7 37. Kg4 f6 38. Rd1 Re7 39. Rd4 Kg6 40. Bc2 h5+ 41. Kg3 Re2 42. Rf2+ Rxc2 43. Rxc2 h4+ 44. Kh3 f5 45. c4 Kh5 46. c5 g4+ 47. Kh2 1-0